| 000 | 00273nam a22001217a 4500 | ||
|---|---|---|---|
| 999 |
_c32282 _d32282 |
||
| 003 | Nust | ||
| 005 | 20170210113630.0 | ||
| 008 | 170210b xxu||||| |||| 00| 0 eng d | ||
| 020 | _a81-203-39156 | ||
| 040 | _cc | ||
| 082 | _a621.65 | ||
| 100 | _aArora | ||
| 245 | _aREFRIGERATION AND AIR CONDITIONING / | ||
| 260 |
_aNew Delhi : _bPHI Learning, _c2010. |
||
| 300 | _a1087 p. ; | ||
| 500 | _aPaperback. | ||
| 942 |
_cBK _2ddc |
||